1643 1635 1250 1227 1694 1666 1484 1297 1320 1055 1293 1493 1544 1305 1015 1424 1150 1822 1297 1901 1510 1838 1486 1450 1629 1699 1929 1339 1583 1969 1875 1256 1452 1425 1126 1741 1893 1631 1713 1185 1585 1264 1076 1986 1248 1256 1347 1149 1590 1548 1900 1352 1867 1172 1064 1921 1241 1163 1790 1977 1103 1162 1746 1249 1885 1051 1085 1578 1388 1531 1107 1101 1638 1666 1414 1465 1876 1967 1939 1957 1012 1609 1413 1050 1937 1253 1033 1392 1620 1098 1700 1550 1191 1196 1733 1954 1162 1843 1749 BCNSPRNW ULIB Ver.6.0+V

เปลี่ยนเป็นภาษาไทย

Change to English
 แสดงรายละเอียดบรรณานุกรม
  กลับหน้าหลัก

Brief Record : Get Marc (ISO 2709) : E-mail record : QR code < ปิดหน้าต่าง
LEADER : 00000nam 2200000uu 4500
001    13399126909
003     ULIB
008    190902s2561||||th 000 0 tha d
020    ^a9786164786684
060    ^aWM141^bณ17ศ
100    ^aณรงค์ สุภัทรพันธุ์
245    ^aศาสตร์และศิลป์ของการสัมภาษณ์ทางจิตเวชศาสตร์/^bณรงค์ สุภัทรพันธุ์
250    ^aพิมพ์ครั้งที่ 4
260    ^aกรุงเทพฯ :^bสามเจริญพาณิชย์,^c2561
300    ^a312 หน้า
650    ^aจิตเวชศาสตร์
650  0 ^aInterview Psychological
650  0 ^aการสัมภาษณ์ทางจิต
945    ^p320^l0^i005785
945    ^p320^l0^i005786
945    ^p320^l0^i005787
945    ^p320^l0^i005783
945    ^p320^l0^i005784
945    ^p320^l0^i006567
945    ^p320^l0^i006568
945    ^p320^l0^i006569
999    ^aอังศุธร กาญจนาโรจน์พันธ์
รายการนี้ยังไม่มีแท็ก
คุณยังไม่ได้ล็อกอิน คุณสามารถมีกิจกรรมร่วมกับเว็บไซต์ได้ แต่ต้องล็อกอินก่อน ::
  ล็อกอิน

รายการสื่อสารสนเทศ

ลำดับที่ ประเภท เลขเรียก/บาร์โค้ด สถานที่ สถานะ
1. วิทยาศาสตร์การแพทย์ และสุขภาพ
หนังสือสำรอง
สถานะ=หนังสือสำรอง
WM141 ณ17ศ ฉ.1 
  Barcode: 005783
ห้องสมุดวิทยาเขตสวรรค์ประชารักษ์
►หนังสือทั่วไป
บนชั้น
2. วิทยาศาสตร์การแพทย์ และสุขภาพ
วิทยาศาสตร์การแพทย์ และสุขภาพ
WM141 ณ17ศ ฉ.2 
  Barcode: 005784
ห้องสมุดวิทยาเขตสวรรค์ประชารักษ์
►หนังสือทั่วไป
บนชั้น
3. วิทยาศาสตร์การแพทย์ และสุขภาพ
วิทยาศาสตร์การแพทย์ และสุขภาพ
WM141 ณ17ศ ฉ.3 
  Barcode: 005785
ห้องสมุดวิทยาเขตสวรรค์ประชารักษ์
►หนังสือทั่วไป
บนชั้น
4. วิทยาศาสตร์การแพทย์ และสุขภาพ
วิทยาศาสตร์การแพทย์ และสุขภาพ
WM141 ณ17ศ ฉ.4 
  Barcode: 005786
ห้องสมุดวิทยาเขตสวรรค์ประชารักษ์
►หนังสือทั่วไป
บนชั้น
5. วิทยาศาสตร์การแพทย์ และสุขภาพ
วิทยาศาสตร์การแพทย์ และสุขภาพ
WM141 ณ17ศ ฉ.5 
  Barcode: 005787
ห้องสมุดวิทยาเขตสวรรค์ประชารักษ์
►หนังสือทั่วไป
บนชั้น
6. วิทยาศาสตร์การแพทย์ และสุขภาพ
วิทยาศาสตร์การแพทย์ และสุขภาพ
WM141 ณ17ศ ฉ.6 
  Barcode: 006567
ห้องสมุดวิทยาเขตสวรรค์ประชารักษ์
►หนังสือทั่วไป
บนชั้น
7. วิทยาศาสตร์การแพทย์ และสุขภาพ
วิทยาศาสตร์การแพทย์ และสุขภาพ
WM141 ณ17ศ ฉ.7 
  Barcode: 006568
ห้องสมุดวิทยาเขตสวรรค์ประชารักษ์
►หนังสือทั่วไป
บนชั้น
8. วิทยาศาสตร์การแพทย์ และสุขภาพ
วิทยาศาสตร์การแพทย์ และสุขภาพ
WM141 ณ17ศ ฉ.8 
  Barcode: 006569
ห้องสมุดวิทยาเขตสวรรค์ประชารักษ์
►หนังสือทั่วไป
บนชั้น

รายการใกล้เคียง
    ผู้แต่ง [ณรงค์ สุภัทรพันธุ์]

    หัวเรื่อง [จิตเวชศาสตร์]
    หัวเรื่อง [Interview Psychological]
    หัวเรื่อง [การสัมภาษณ์ทางจิต]

BibComment


ยังไม่เคยถูกคอมเมนท์

คอมเมนท์ทรัพยากรรายการนี้
  คอมเมนท์: ศาสตร์และศิลป์ขอ..


 Copyright 2026. Bcnsprnw @Library